000 00671pam a2200229 a 4500
001 1932294
005 20180214075818.0
008 860306s1987 nyuaf b 001 0 eng
010 _a 86005429
020 _a0195041119 :
_c$24.95 (alk. paper)
040 _aDLC
_cDLC
_dDLC
041 _aeng
043 _an-us---
080 _a306.8 PLE
082 0 0 _a306.8 PLE
_219
100 1 _a50
101 _aSOC
245 1 0 _aDomestic tyranny :
_cElizabeth Pleck.
504 _aBibliography: p. 227-266.
906 _a7
_bcbc
_corignew
_d1
_eocip
_f19
_gy-gencatlg
942 _2ddc
_cBK
999 _c42514
_d42514